[Event "Tournoi Skype 024A"]
[Site "Skype"]
[Date "????.??.??"]
[Round "2.2"]
[White "Segura Lozano, Marcos Antonio"]
[Black "Siret, Bernard"]
[Result "0-1"]
[WhiteElo "1784"]
[BlackElo "2094"]
[PlyCount "78"]

1. e4 c5 2. Nf3 d6 3. d4 cxd4 4. Nxd4 Nf6 5. Nc3 g6 6. Be3 Bg7 7. f3 O-O 8. Qd2
Nc6 9. Bc4 Bd7 10. Nxc6 bxc6 11. O-O-O Qa5 12. Bb3 Rab8 13. Kb1 Rfc8 14. Bg5
Ne8 15. Bxe7 Be6 16. Bxd6 Nxd6 17. Qxd6 Bxc3 18. bxc3 c5 19. Qe5 Rb5 20. c4
Bxc4 21. Kc1 Bxb3 22. axb3 c4 23. Qxb5 Qxb5 24. Rd5 Qa6 25. Kd2 cxb3 26. cxb3
Qa2+ 27. Ke3 Qxg2 28. Rhd1 Rc3+ 29. R5d3 Rxd3+ 30. Rxd3 Qxh2 31. Rd7 Qa2 32.
Rb7 h5 33. b4 Kg7 34. Rb5 Qa6 35. Ra5 Qb6+ 36. Ke2 Qxb4 37. Rxa7 Qc4+ 38. Ke1
Qd3 39. Rb7 Qe3+ 0-1

[Event "Tournoi Skype 024A"]
[Site "Skype"]
[Date "????.??.??"]
[Round "2.3"]
[White "Benson, Paul"]
[Black "Martinez Quintero, Javier"]
[Result "1-0"]
[WhiteElo "2013"]
[BlackElo "1750"]
[PlyCount "65"]

1. e4 c5 2. Nf3 g6 3. d4 cxd4 4. Nxd4 Bg7 5. c4 Nc6 6. Be3 Nf6 7. Nc3 O-O 8.
Be2 b6 9. O-O Bb7 10. Qd2 Nxd4 11. Bxd4 Nxe4 12. Nxe4 Bxe4 13. Bxg7 Bxg2 14.
Bxf8 Bxf1 15. Qh6 Qxf8 16. Qxf8+ Kxf8 17. Kxf1 Rc8 18. Rd1 d6 19. b4 f5 20. a4
Ke8 21. Ke1 Kd7 22. Kd2 h5 23. Rg1 Rg8 24. Bxh5 Rh8 25. Bxg6 Rxh2 26. Bxf5+ e6
27. Rg7+ Ke8 28. Bxe6 Rxf2+ 29. Ke3 Rf1 30. Rxa7 Re1+ 31. Kd4 Rxe6 32. Kd5 Rh6
33. Rb7 1-0

[Event "Tournoi Skype 024A"]
[Site "Skype"]
[Date "????.??.??"]
[Round "2.4"]
[White "Martinez, Jose Abel"]
[Black "Ibarra Cantu, Raul Alberto"]
[Result "1-0"]
[WhiteElo "1740"]
[BlackElo "1955"]
[PlyCount "97"]

1. d4 Nf6 2. Nf3 g6 3. Bg5 Bg7 4. e3 O-O 5. Bd3 d5 6. c3 Nbd7 7. Nbd2 Re8 8.
O-O h6 9. Bh4 g5 10. Bg3 Nh5 11. Nxg5 Nxg3 12. Bh7+ Kf8 13. Nxf7 Kxf7 14. fxg3+
Nf6 15. e4 Rh8 16. Qh5+ Kf8 17. Qg6 dxe4 18. Nxe4 Qe8 19. Nc5 Qxg6 20. Bxg6 b6
21. Be4 Rb8 22. Nd3 Ba6 23. Rf3 Bxd3 24. Bxd3 Ke8 25. Re1 Rf8 26. Bb5+ Kd8 27.
Rfe3 Ng8 28. Bc4 Bf6 29. Be6 Bg5 30. Re5 c6 31. R1e2 Kc7 32. h4 Bf6 33. Rh5 Kd6
34. g4 Bg7 35. Bc4 a5 36. Re6+ Kd7 37. Rg6 Bh8 38. Bb3 b5 39. Be6+ Kc7 40. g5
b4 41. Kh2 bxc3 42. bxc3 c5 43. gxh6 cxd4 44. Rc5+ Kb6 45. cxd4 Bxd4 46. Rd5
Bc5 47. Bxg8+ Bd6+ 48. Rdxd6+ exd6 49. h7 1-0

[Event "Tournoi Skype 024A"]
[Site "Skype"]
[Date "????.??.??"]
[Round "2.5"]
[White "Silva, Rodrigo De Souza"]
[Black "Thacker, Stephen"]
[Result "1-0"]
[WhiteElo "1946"]
[BlackElo "1740"]
[PlyCount "65"]

1. d4 f5 2. Nc3 Nf6 3. Bg5 Ne4 4. Nxe4 fxe4 5. e3 d5 6. Nh3 Bxh3 7. Qh5+ g6 8.
Qxh3 Qd7 9. Qxd7+ Nxd7 10. c4 e6 11. a3 c6 12. b4 a6 13. Be2 Bg7 14. Rc1 O-O
15. Bg4 Rae8 16. cxd5 cxd5 17. Rc7 Rf7 18. Rxb7 Nf6 19. Rxf7 Kxf7 20. Be2 Ra8
21. Kd2 Nd7 22. Rc1 Ra7 23. Rc6 a5 24. b5 Bf8 25. a4 Bb4+ 26. Kc2 Nb8 27. Rc8
Rb7 28. Bf4 Nd7 29. Rc7 Rxc7+ 30. Bxc7 Ke7 31. b6 h5 32. b7 h4 33. Bb5 1-0

[Event "Tournoi Skype 024A"]
[Site "Skype"]
[Date "????.??.??"]
[Round "2.6"]
[White "Pena, Eduin"]
[Black "Rico Hernandez, Edgar"]
[Result "1-0"]
[WhiteElo "1720"]
[BlackElo "1943"]
[PlyCount "95"]

1. e4 c6 2. Nf3 d5 3. Nc3 Bg4 4. d4 e6 5. Bd3 Nd7 6. exd5 cxd5 7. Qe2 Ngf6 8.
h3 Bh5 9. Bf4 a6 10. O-O Be7 11. Qe3 Bg6 12. Rfe1 Bxd3 13. Qxd3 O-O 14. Ne5 Rc8
15. Rab1 Nb6 16. Qf3 Nc4 17. Qe2 Bb4 18. Nxc4 Rxc4 19. a3 Ba5 20. Red1 b5 21.
Rd3 Qc8 22. Bd6 Re8 23. Be5 Nd7 24. Rg3 Nxe5 25. Qxe5 g6 26. Qe3 Bb6 27. Rg4 h5
28. Rh4 Bd8 29. Rxh5 gxh5 30. Nxd5 Qd7 31. Qg3+ Kh7 32. Nf4 Qxd4 33. Nxh5 Rg8
34. Qf3 f5 35. Rd1 Qb6 36. Nf6+ Bxf6 37. Qh5+ Kg7 38. Rd7+ Be7 39. Rxe7+ Kf6
40. Qf7+ Ke5 41. Qxg8 Rxc2 42. Qg7+ Kd5 43. Rd7+ Ke4 44. Qg3 Rc1+ 45. Kh2 Rc4
46. f3+ Ke3 47. f4+ Ke4 48. Qf3# 1-0

[Event "Tournoi Skype 024A"]
[Site "Skype"]
[Date "????.??.??"]
[Round "2.7"]
[White "Khetre, Gaurav"]
[Black "Lopez, Jose Luis"]
[Result "0-1"]
[WhiteElo "1705"]
[BlackElo "1893"]
[PlyCount "50"]

1. d4 Nf6 2. c4 e6 3. Nf3 b6 4. g3 Bb7 5. Bg2 Bb4+ 6. Bd2 Be7 7. O-O O-O 8. Nc3
d5 9. Ne5 Nbd7 10. f4 c5 11. e3 Nxe5 12. dxe5 Ne4 13. Qc2 f5 14. Rad1 d4 15.
Nb5 a6 16. Na3 Qc7 17. Bc1 g5 18. exd4 gxf4 19. gxf4 cxd4 20. Kh1 Bc5 21. Nb1
Kh8 22. Nd2 d3 23. Qxd3 Nf2+ 24. Rxf2 Bxf2 25. Nf3 Rad8 0-1

[Event "Tournoi Skype 024A"]
[Site "Skype"]
[Date "????.??.??"]
[Round "2.8"]
[White "Jaramillo, Carlos"]
[Black "Deville, Olivier"]
[Result "0-1"]
[WhiteElo "1559"]
[BlackElo "1860"]
[PlyCount "130"]

1. e4 c5 2. Nf3 d6 3. d4 Nf6 4. Nc3 cxd4 5. Nxd4 Nc6 6. Be3 Ng4 7. Qd2 Nxe3 8.
Qxe3 Qb6 9. Nxc6 Qxe3+ 10. fxe3 bxc6 11. Bc4 e6 12. O-O Be7 13. Rad1 O-O 14.
Kh1 Rb8 15. Bb3 Ba6 16. Rf2 c5 17. Rb1 Bf6 18. Nd1 Bb7 19. c4 Bc6 20. Bc2 Rb4
21. Rd2 Be5 22. b3 a5 23. Nf2 Rb6 24. Ng4 Rfb8 25. Nxe5 dxe5 26. Rbd1 Kf8 27.
Rd8+ Ke7 28. Rxb8 Rxb8 29. Kg1 a4 30. Kf2 axb3 31. axb3 Ra8 32. Ke2 Ra2 33. Kd2
Bxe4 34. Rc1 Rxc2+ 35. Rxc2 Bxc2 36. Kxc2 e4 37. Kc3 e5 38. b4 cxb4+ 39. Kxb4
Kd6 40. Kb5 f5 41. Kb6 f4 42. c5+ Ke7 43. c6 fxe3 44. c7 e2 45. c8=Q e1=Q 46.
Qc7+ Kf6 47. Qd6+ Kf5 48. Qf8+ Kg6 49. Qd6+ Kf5 50. Qf8+ Ke6 51. Qe8+ Kd5 52.
Qd7+ Kc4 53. Qb5+ Kd4 54. Qc5+ Kd3 55. Qxe5 Qb4+ 56. Ka6 e3 57. Qd5+ Qd4 58.
Qb3+ Ke4 59. Qe6+ Kf4 60. g3+ Kf3 61. Qf5+ Kg2 62. Qc2+ Qd2 63. Qe4+ Kf1 64.
Qf3+ Kg1 65. Qf4 Qf2 0-1

[Event "Tournoi Skype 024A"]
[Site "Skype"]
[Date "????.??.??"]
[Round "2.9"]
[White "Altinok, Selim"]
[Black "Vasquez, Oscar"]
[Result "1-0"]
[WhiteElo "1840"]
[BlackElo "1712"]
[PlyCount "93"]

1. Nf3 Nf6 2. d4 b6 3. g3 Bb7 4. Bg2 e6 5. a3 c5 6. dxc5 Bxc5 7. b4 Be7 8. Bb2
O-O 9. O-O Qc7 10. Nbd2 d5 11. Rc1 Nbd7 12. c4 dxc4 13. Nxc4 Qd8 14. Nd6 Bxd6
15. Qxd6 Rc8 16. Rxc8 Qxc8 17. Rc1 Qb8 18. Qxb8 Rxb8 19. Rc7 h6 20. Nd4 Bxg2
21. Kxg2 a6 22. Nc6 Ra8 23. e4 e5 24. f4 exf4 25. e5 Re8 26. Kf3 Nxe5+ 27. Nxe5
fxg3 28. hxg3 Nd5 29. Rd7 Ne7 30. Ra7 f6 31. Nc4 Nd5 32. Rxa6 b5 33. Nd6 Re3+
34. Kf2 Rb3 35. Ra8+ Kh7 36. Bd4 Nc7 37. Ra7 Rd3 38. Rxc7 Rxd4 39. Nxb5 Rd2+
40. Ke3 Ra2 41. Ra7 Rb2 42. Nd4 Rb1 43. b5 h5 44. a4 Kh6 45. a5 Rg1 46. Kf2 Rd1
47. b6 1-0

[Event "Tournoi Skype 024A"]
[Site "Skype"]
[Date "????.??.??"]
[Round "2.10"]
[White "Hilton, Stephen"]
[Black "Trivedi, Viral"]
[Result "1-0"]
[WhiteElo "1825"]
[BlackElo "1654"]
[PlyCount "69"]

1. Nf3 d5 2. c4 c6 3. e3 Bf5 4. d4 e6 5. Qb3 Qc7 6. Nc3 Nd7 7. Bd2 Ngf6 8. Rc1
Bg6 9. cxd5 Nxd5 10. Nxd5 exd5 11. Qxd5 Nf6 12. Qb3 Bd6 13. Be2 O-O 14. Bb4 Ne4
15. O-O Bh5 16. Bxd6 Nxd6 17. Qc2 Bg6 18. Bd3 f5 19. Ne5 Bh5 20. Nc4 Rae8 21.
Nxd6 Qxd6 22. Bxf5 Qh6 23. Bd3 Rf6 24. Qb3+ Kh8 25. Qxb7 Bf7 26. Bc4 Rf8 27.
Bxf7 R6xf7 28. Qxc6 Qh4 29. g3 Qe7 30. Rc5 Rxf2 31. Rxf2 Qxe3 32. Rcf5 Qe1+ 33.
Kg2 Qxf2+ 34. Rxf2 Rxf2+ 35. Kxf2 1-0

[Event "Tournoi Skype 024A"]
[Site "Skype"]
[Date "????.??.??"]
[Round "2.11"]
[White "Aceituno, Stebe"]
[Black "Ricieri, Vinicius"]
[Result "0-1"]
[WhiteElo "1558"]
[BlackElo "1814"]
[PlyCount "62"]

1. e4 c5 2. Nf3 Nc6 3. d4 cxd4 4. Nxd4 g6 5. c4 Bg7 6. Be3 Nf6 7. f3 d6 8. Nc3
O-O 9. Nxc6 bxc6 10. Bd3 d5 11. cxd5 cxd5 12. exd5 Nxd5 13. Qd2 Nxe3 14. Qxe3
Be6 15. Bc2 Rc8 16. Bb3 Bxb3 17. axb3 e6 18. Qc1 Qb6 19. Qc2 Rfd8 20. Ke2 Rd7
21. Rhd1 Rdc7 22. Rd3 Rb8 23. Qd1 Qxb3 24. Rd8+ Bf8 25. Rxb8 Qxb8 26. Rb1 Rb7
27. Qd2 Qxh2 28. Ne4 Qxg2+ 29. Ke3 Bh6+ 30. f4 Rb3+ 31. Nc3 Bxf4+ 0-1

[Event "Tournoi Skype 024A"]
[Site "Skype"]
[Date "????.??.??"]
[Round "2.12"]
[White "Diaz, Jose Garcia"]
[Black "Vilone, Rino"]
[Result "1/2-1/2"]
[WhiteElo "1807"]
[BlackElo "1570"]
[PlyCount "51"]

1. e4 e5 2. Nf3 Nc6 3. Bc4 Be7 4. d4 d6 5. d5 Nd4 6. Nxd4 exd4 7. Qxd4 Bf6 8.
Qd3 Bd7 9. O-O Ne7 10. Nc3 O-O 11. Be3 Ng6 12. f4 Re8 13. Bd4 Bxd4+ 14. Qxd4 f5
15. Bd3 a6 16. exf5 Nh4 17. g4 h5 18. Qf2 hxg4 19. Qg3 Nxf5 20. Qxg4 Ne3 21.
Qh5 Nxf1 22. Qh7+ Kf8 23. Qh8+ Kf7 24. Qh5+ Kf8 25. Qh8+ Kf7 26. Qh5+ 1/2-1/2

[Event "Tournoi Skype 024A"]
[Site "Skype"]
[Date "????.??.??"]
[Round "2.13"]
[White "Montalvo, Mario"]
[Black "Karia, Vijay"]
[Result "0-1"]
[WhiteElo "1435"]
[BlackElo "1792"]
[PlyCount "76"]

1. d4 d5 2. c4 c6 3. Nf3 Nf6 4. g3 Bf5 5. Bg2 e6 6. O-O Nbd7 7. b3 Be7 8. Bb2
Qb6 9. Nbd2 O-O 10. Re1 Ne4 11. Nxe4 Bxe4 12. Nd2 Bxg2 13. Kxg2 Bb4 14. cxd5
exd5 15. e3 Nf6 16. Re2 Rfe8 17. Nf3 Ne4 18. Ne5 Bd6 19. Nd3 Qc7 20. Rc1 Qd7
21. Rec2 Qf5 22. Qf3 Qg6 23. Nf4 Qf5 24. Nd3 Nxg3 25. hxg3 Qxd3 26. Qh5 Re6 27.
Rc3 Qe4+ 28. Qf3 Qg6 29. Rh1 Rae8 30. Rh4 h6 31. Rc1 Rf6 32. Qe2 Rf5 33. Rch1
Rg5 34. R1h3 Re4 35. Qe1 Rxh4 36. Rxh4 Qc2 37. Bc1 Bxg3 38. Kf3 Bxh4 0-1

[Event "Tournoi Skype 024A"]
[Site "Skype"]
[Date "????.??.??"]
[Round "2.14"]
[White "Saponara, Jose Maria"]
[Black "Castillo, Jesus"]
[Result "1-0"]
[WhiteElo "1790"]
[BlackElo "1527"]
[PlyCount "66"]

1. e4 e5 2. Nf3 Nc6 3. d4 exd4 4. Nxd4 Nxd4 5. Qxd4 d6 6. Bc4 Be7 7. Nc3 Nf6 8.
O-O O-O 9. Re1 c6 10. Bg5 Re8 11. Rad1 Bg4 12. Rd3 Bh5 13. Bxf6 Bxf6 14. Qxd6
Bg6 15. Qf4 Qb6 16. Bb3 Re5 17. Kh1 Rae8 18. f3 Rf5 19. Qd2 Rfe5 20. Rd1 h6 21.
Rd7 R5e7 22. Rd6 Bg5 23. f4 Bh5 24. fxg5 Bxd1 25. Qxd1 hxg5 26. Rd7 Qf2 27.
Rxe7 Rxe7 28. h3 Rd7 29. Qxd7 Qf1+ 30. Kh2 Qf4+ 31. Kg1 Qe3+ 32. Kf1 Qf4+ 33.
Ke2 a6 1-0

[Event "Tournoi Skype 024A"]
[Site "Skype"]
[Date "????.??.??"]
[Round "2.15"]
[White "Ram, Madhukesh"]
[Black "Montenegro, Juan Carlos"]
[Result "0-1"]
[WhiteElo "1430"]
[BlackElo "1786"]
[PlyCount "84"]

1. d4 d5 2. c4 e6 3. Nf3 Nf6 4. Bg5 Be7 5. Nbd2 Nbd7 6. Qc2 h6 7. g3 hxg5 8.
Nxg5 dxc4 9. Qxc4 Nb6 10. Qb3 Qd5 11. Qxd5 Nfxd5 12. Ngf3 Bf6 13. e4 Nb4 14.
Rc1 Nxa2 15. Rxc7 Bd8 16. Bb5+ Kf8 17. Rc2 Nb4 18. Rc1 a6 19. Be2 Bd7 20. Ne5
Bb5 21. Ndc4 Nxc4 22. Bxc4 Bxc4 23. Rxc4 a5 24. O-O Rh6 25. f4 f6 26. Ng4 Rg6
27. h3 f5 28. Ne5 Rxg3+ 29. Kh2 Rb3 30. exf5 exf5 31. Rc5 Rxb2+ 32. Kh1 Nc2 33.
Ng6+ Kf7 34. Ne5+ Ke6 35. Nd3 Ra2 36. d5+ Kd6 37. Rg1 Bf6 38. Rc1 Ne3 39. Rc7
Rh8 40. Ne1 Rxh3+ 41. Kg1 Bd4 42. Nf3 Rg2# 0-1

[Event "Tournoi Skype 024A"]
[Site "Skype"]
[Date "????.??.??"]
[Round "2.16"]
[White "Grosso, Raul"]
[Black "Le Brun, Yves"]
[Result "1-0"]
[WhiteElo "1895"]
[BlackElo "1454"]
[PlyCount "89"]

1. d4 d6 2. c4 g6 3. Nc3 Bg7 4. e4 e5 5. Be3 f5 6. dxe5 Bxe5 7. Nf3 Bxc3+ 8.
bxc3 fxe4 9. Nd2 Nf6 10. Qc2 Bf5 11. h3 Qe7 12. g4 Bd7 13. g5 Nh5 14. Qxe4 Nc6
15. Be2 Bf5 16. Qxe7+ Nxe7 17. Bf3 c6 18. O-O-O Ng7 19. Bd4 Rg8 20. Bf6 Rd8 21.
Rhe1 Rd7 22. Ne4 d5 23. Nc5 Rc7 24. Be5 Rd7 25. Nxd7 Kxd7 26. Bf6 Ne6 27. Bxe7
Kxe7 28. cxd5 cxd5 29. Bxd5 Rc8 30. Re3 Rd8 31. c4 Rd6 32. c5 Ra6 33. Rde1 b5
34. c6 Kd6 35. Bxe6 Rxc6+ 36. Kb2 Rc2+ 37. Kb3 Rxf2 38. Bxf5 Rxf5 39. h4 a5 40.
Rd1+ Kc5 41. Rc3+ Kb6 42. Rd6+ Kb7 43. Rf6 Rd5 44. Re3 a4+ 45. Kb4 1-0

[Event "Tournoi Skype 024A"]
[Site "Skype"]
[Date "????.??.??"]
[Round "2.17"]
[White "Marino, Giuseppe"]
[Black "Sauvaget, Joel"]
[Result "1/2-1/2"]
[WhiteElo "1444"]
[BlackElo "1684"]
[PlyCount "64"]

1. d4 d5 2. Nf3 Nf6 3. e3 e6 4. Bd3 Be7 5. O-O O-O 6. Nbd2 Nc6 7. c3 Bd6 8. e4
dxe4 9. Nxe4 Be7 10. Nxf6+ Bxf6 11. Re1 Ne7 12. Bg5 Nd5 13. Bxf6 Nxf6 14. Qc2
h6 15. Ne5 Qd6 16. Re3 Bd7 17. Be4 Bc6 18. Bxc6 bxc6 19. Qe2 c5 20. Rd1 cxd4
21. Rxd4 Qb6 22. Nd7 Nxd7 23. Rxd7 Rab8 24. b3 c6 25. Rg3 Rbd8 26. Qg4 g5 27.
Rgd3 Qa5 28. h4 Rxd7 29. Rxd7 Qxc3 30. hxg5 Qc1+ 31. Kh2 Qxg5 32. Qxg5+ hxg5
1/2-1/2

[Event "Tournoi Skype 024A"]
[Site "Skype"]
[Date "????.??.??"]
[Round "2.18"]
[White "Engstrom, Olle"]
[Black "Salazar Ticeran, Antonio"]
[Result "1-0"]
[WhiteElo "1678"]
[BlackElo "1590"]
[PlyCount "91"]

1. d4 d5 2. c4 Nf6 3. cxd5 Nxd5 4. e4 Nb6 5. Nc3 Nc6 6. d5 Ne5 7. Be2 Ng6 8.
Nf3 Bg4 9. h3 Bxf3 10. Bxf3 a6 11. Be3 Nc4 12. Qa4+ b5 13. Nxb5 axb5 14. Qxb5+
Qd7 15. Qxc4 Ne5 16. Qd4 Nxf3+ 17. gxf3 Rd8 18. Rd1 e6 19. dxe6 Qxd4 20. exf7+
Kxf7 21. Rxd4 Rxd4 22. Bxd4 Bb4+ 23. Ke2 Ra8 24. a3 Bd6 25. Rg1 g6 26. Rc1 Bf4
27. Rc6 Rd8 28. Rf6+ Ke8 29. Bc3 Bg5 30. Rc6 Kd7 31. Rc4 Rf8 32. Rc5 Be7 33.
Rd5+ Kc6 34. Be5 Bd6 35. Bxd6 cxd6 36. Ke3 Rb8 37. b4 Ra8 38. Ra5 Rxa5 39. bxa5
Kb5 40. Kd4 Kxa5 41. Kd5 Ka4 42. Kxd6 Kxa3 43. e5 Kb3 44. e6 Kc3 45. e7 Kd3 46.
e8=Q 1-0

[Event "Tournoi Skype 024A"]
[Site "Skype"]
[Date "????.??.??"]
[Round "2.19"]
[White "Mordaa, Ahmad"]
[Black "Calcino, Luis"]
[Result "0-1"]
[WhiteElo "1458"]
[BlackElo "1675"]
[PlyCount "100"]

1. e4 d5 2. exd5 Qxd5 3. Nc3 Qa5 4. d4 Nf6 5. Bd2 c6 6. Nf3 Bf5 7. Bc4 e6 8.
Nd5 Qd8 9. Nxf6+ gxf6 10. Bf4 Bd6 11. Bxd6 Qxd6 12. c3 Nd7 13. Bd3 Bg6 14. Qc2
Qf4 15. Bxg6 hxg6 16. Nd2 Rxh2 17. Rxh2 Qxh2 18. g3 Qh1+ 19. Nf1 O-O-O 20.
O-O-O Nb6 21. Ne3 Qf3 22. Rd3 Rh8 23. Nf1 Qg2 24. Ne3 Rh1+ 25. Rd1 Rxd1+ 26.
Kxd1 Qf3+ 27. Qe2 Qxe2+ 28. Kxe2 Na4 29. Nc4 Kc7 30. Kd3 b5 31. b3 bxc4+ 32.
Kxc4 Nb2+ 33. Kb4 Nd3+ 34. Ka5 Nxf2 35. a4 Ne4 36. c4 Nxg3 37. b4 Ne4 38. b5 c5
39. d5 exd5 40. cxd5 Nd6 41. Ka6 c4 42. Kxa7 Nc8+ 43. Ka6 c3 44. b6+ Nxb6 45.
d6+ Kc6 46. a5 Nd7 47. Ka7 c2 48. a6 c1=Q 49. Ka8 Kb6 50. a7 Qc6# 0-1

[Event "Tournoi Skype 024A"]
[Site "Skype"]
[Date "????.??.??"]
[Round "2.20"]
[White "Lambert, Pierre"]
[Black "Galani, Mahendra"]
[Result "1-0"]
[WhiteElo "1870"]
[BlackElo "1548"]
[PlyCount "29"]

1. e4 e5 2. Nf3 d6 3. d4 exd4 4. Nxd4 Nf6 5. Nc3 Qe7 6. f3 c6 7. Qe2 Nh5 8. Be3
g6 9. O-O-O Qc7 10. f4 Nd7 11. g4 Ng7 12. Nf3 Nc5 13. f5 gxf5 14. exf5 Nd7 15.
Bb6+ 1-0

[Event "Tournoi Skype 024A"]
[Site "Skype"]
[Date "????.??.??"]
[Round "2.23"]
[White "Chavero, Victor"]
[Black "Aravena, Alvaro"]
[Result "0-1"]
[WhiteElo "1544"]
[BlackElo "1660"]
[PlyCount "70"]

1. d4 Nf6 2. Nf3 d5 3. e3 e6 4. Bd3 c5 5. b3 cxd4 6. exd4 Nc6 7. a3 Be7 8. Bb2
O-O 9. Nbd2 Qb6 10. Qe2 a5 11. Bb5 Na7 12. Bd3 Bd6 13. O-O a4 14. b4 Bd7 15.
Ne5 Bb5 16. c4 dxc4 17. Bxc4 Rfc8 18. Rac1 Bxc4 19. Rxc4 Bxb4 20. Rxb4 Qxb4 21.
axb4 Rc2 22. Rb1 Rac8 23. Qd3 Nd5 24. Nec4 Nxb4 25. Qb3 Nac6 26. Bc3 axb3 27.
Nd6 Ra8 28. N2e4 Nd5 29. Be1 b2 30. Kf1 Ra1 31. Nd2 Rxd2 32. Nc4 Rxb1 33. Nxd2
Rd1 34. Ke2 Rxd2+ 35. Bxd2 b1=Q 0-1

[Event "Tournoi Skype 024A"]
[Site "Skype"]
[Date "????.??.??"]
[Round "2.24"]
[White "Junqueira, Leonardo De Faria"]
[Black "Thoune, Jim"]
[Result "1-0"]
[WhiteElo "1538"]
[BlackElo "1659"]
[PlyCount "53"]

1. e4 c5 2. d4 cxd4 3. c3 dxc3 4. Nxc3 Nc6 5. Bc4 e6 6. Nf3 a6 7. O-O d6 8. Qe2
Be7 9. Rd1 Qc7 10. Bf4 b5 11. Bxb5 axb5 12. Nxb5 Qb8 13. Bxd6 Bxd6 14. Nxd6+
Ke7 15. Rac1 Bb7 16. Qb5 Nd8 17. Nxb7 Qxb7 18. Qxb7+ Nxb7 19. Rc7+ Ke8 20. Rxb7
Rc8 21. Kf1 h5 22. Rdd7 Nh6 23. Rdc7 Rxc7 24. Rxc7 Kd8 25. Ra7 Re8 26. Ne5 Re7
27. Nc6+ 1-0

[Event "Tournoi Skype 024A"]
[Site "Skype"]
[Date "????.??.??"]
[Round "2.25"]
[White "Aranzubia, Desiderio"]
[Black "Mulrooney, Justin"]
[Result "0-1"]
[WhiteElo "1535"]
[BlackElo "1647"]
[PlyCount "68"]

1. d4 d5 2. Nf3 Nf6 3. c4 Bf5 4. Nc3 e6 5. Bg5 Be7 6. e3 O-O 7. h3 c6 8. Nh4
Bg6 9. Nxg6 fxg6 10. cxd5 exd5 11. Bd3 Nbd7 12. O-O Qc7 13. Rb1 Bd6 14. Qc2
Rae8 15. b4 a6 16. a4 b5 17. axb5 axb5 18. Be2 Nb6 19. Na2 Ne4 20. Bh4 Nc4 21.
Rfd1 g5 22. f3 Nxe3 23. Qd3 Nxd1 24. Be1 Bh2+ 25. Kf1 Ng3+ 26. Bxg3 Qxg3 27.
Rxd1 h5 28. Qc2 Rf6 29. Bd3 g4 30. Qf2 Qf4 31. Qd2 Qg3 32. Qf2 Qd6 33. hxg4 Bg3
34. Qd2 hxg4 0-1

[Event "Tournoi Skype 024A"]
[Site "Skype"]
[Date "????.??.??"]
[Round "2.26"]
[White "Casey, Eamonn"]
[Black "Gharbi, Said"]
[Result "0-1"]
[WhiteElo "1643"]
[BlackElo "1537"]
[PlyCount "52"]

1. d4 e5 2. dxe5 Nc6 3. Nf3 Qe7 4. Bg5 Qb4+ 5. Bd2 Qxb2 6. Nc3 Bb4 7. Na4 Bxd2+
8. Nxd2 Qxe5 9. e3 Nb4 10. Nb3 b5 11. Nac5 Qc3+ 12. Qd2 Nxc2+ 13. Kd1 Qxd2+ 14.
Kxd2 Nxa1 15. Nxa1 d6 16. Bxb5+ Ke7 17. Ne4 Rb8 18. Nc3 Be6 19. Rc1 Nf6 20. a4
a6 21. Bxa6 Rb2+ 22. Ke1 c5 23. Bb5 Ra8 24. Nc2 Ne4 25. h3 Nxc3 26. Ra1 Rxc2
0-1

[Event "Tournoi Skype 024A"]
[Site "Skype"]
[Date "????.??.??"]
[Round "2.27"]
[White "Grib, Johannes"]
[Black "Lovell, Stan"]
[Result "0-1"]
[WhiteElo "1522"]
[BlackElo "1620"]
[PlyCount "196"]

1. Nf3 b6 2. e4 e6 3. c3 Bb7 4. d3 Nf6 5. Be2 Be7 6. h3 d6 7. Be3 c5 8. Nbd2
Nc6 9. Qa4 O-O 10. g4 h6 11. Rg1 Nh7 12. O-O-O f6 13. h4 e5 14. Qc4+ Rf7 15. g5
Na5 16. Qe6 Bc8 17. Qxf7+ Kxf7 18. g6+ Kg8 19. gxh7+ Kxh7 20. h5 Be6 21. Kb1
Bf7 22. Nh4 Qe8 23. Nf5 Bf8 24. c4 Nc6 25. Rg3 Be6 26. Bf3 Rd8 27. Nb3 Ne7 28.
Nxe7 Qxe7 29. Bg4 Qd7 30. Rdg1 Re8 31. Nd2 Bxg4 32. Rxg4 Re7 33. Nf3 Qe8 34.
Rg6 Qd7 35. Nh4 Rf7 36. Nf5 a6 37. b3 b5 38. Rd1 Qb7 39. f3 b4 40. f4 Qc7 41.
fxe5 dxe5 42. Rdg1 Qd8 43. Rd1 Rd7 44. Kc2 a5 45. Nxg7 Rxg7 46. Rxh6+ Kg8 47.
Rg6 Rxg6 48. hxg6 Qe7 49. Rh1 Qg7 50. Rg1 Qe7 51. Rh1 Bg7 52. Rh7 Qe8 53. Bxc5
Qxg6 54. Rh2 Qe8 55. Rh1 Qa8 56. Rg1 Qc8 57. Be7 Kf7 58. Bd6 Qc6 59. c5 Bf8 60.
Kb2 Bxd6 61. cxd6 Qxd6 62. Rd1 Qd4+ 63. Kb1 Ke6 64. Rd2 f5 65. exf5+ Kxf5 66.
Rd1 Kf4 67. Rc1 Qxd3+ 68. Kb2 Qd4+ 69. Kb1 e4 70. Rf1+ Ke3 71. Rh1 Kd2 72. Rh2+
Kc3 73. Rc2+ Kd3 74. Rc1 e3 75. Rd1+ Ke4 76. Rxd4+ Kxd4 77. Kc2 e2 78. Kd2
e1=Q+ 79. Kxe1 Kc3 80. Ke2 Kb2 81. Kd3 Kxa2 82. Kc4 Kb2 83. Kb5 Kxb3 84. Kxa5
Kc3 85. Ka4 b3 86. Ka3 Kc2 87. Kb4 b2 88. Kc4 b1=Q 89. Kd5 Qb4 90. Ke5 Kd3 91.
Kd5 Qe4+ 92. Kc5 Qd4+ 93. Kc6 Kc4 94. Kb7 Qd6 95. Kc8 Qe7 96. Kb8 Kc5 97. Kc8
Kc6 98. Kb8 Qb7# 0-1

[Event "Tournoi Skype 024A"]
[Site "Skype"]
[Date "????.??.??"]
[Round "2.28"]
[White "Khunte, Aniruddha"]
[Black "Perrone, Gabriel Lorenzo"]
[Result "0-1"]
[WhiteElo "1616"]
[BlackElo "1521"]
[PlyCount "42"]

1. e4 e5 2. Nf3 Nc6 3. Bb5 Nf6 4. O-O Be7 5. Nc3 O-O 6. h3 d6 7. d4 exd4 8.
Nxd4 Nxd4 9. Qxd4 a6 10. Bc4 b5 11. Bd5 Rb8 12. Bg5 Nxd5 13. exd5 Bxg5 14. Rae1
Bf5 15. Re2 Re8 16. Rfe1 Rxe2 17. Rxe2 Qd7 18. Qa7 Re8 19. Qxc7 Rxe2 20. Qxd7
Re1+ 21. Kh2 Bxd7 0-1

[Event "Tournoi Skype 024A"]
[Site "Skype"]
[Date "????.??.??"]
[Round "2.29"]
[White "Vello, Pablo"]
[Black "Yardimci, Ertan"]
[Result "1-0"]
[WhiteElo "1518"]
[BlackElo "1610"]
[PlyCount "115"]

1. d4 Nf6 2. Bf4 d5 3. e3 Bf5 4. Nc3 c6 5. Bd3 Bxd3 6. Qxd3 Nbd7 7. h3 e6 8.
O-O-O Be7 9. Nf3 h6 10. Ne5 O-O 11. Nxd7 Qxd7 12. Kb1 Bd6 13. Bxd6 Qxd6 14. e4
dxe4 15. Nxe4 Nxe4 16. Qxe4 b5 17. Qe5 Qd7 18. Rhe1 a5 19. f4 Rfc8 20. f5 exf5
21. Qe7 Qxe7 22. Rxe7 Kf8 23. Rde1 Re8 24. R7e2 Rxe2 25. Rxe2 Re8 26. Rxe8+
Kxe8 27. Kc1 Kd7 28. Kd2 Kd6 29. Kd3 g5 30. b3 g4 31. hxg4 fxg4 32. Ke4 Ke6 33.
c4 f5+ 34. Kf4 h5 35. cxb5 cxb5 36. Kg5 h4 37. Kxh4 Kd5 38. Kg5 Kxd4 39. Kxf5
Kc3 40. Kxg4 Kb2 41. Kf5 Kxa2 42. g4 Kxb3 43. g5 a4 44. g6 a3 45. g7 a2 46.
g8=Q+ Ka3 47. Qg3+ Ka4 48. Qe1 b4 49. Ke4 Ka3 50. Kd4 b3 51. Qa5+ Kb2 52. Qc3+
Ka3 53. Qc1+ Kb4 54. Kd3 Ka4 55. Qb2 Kb4 56. Kd2 Ka5 57. Kc3 Ka4 58. Qc1 1-0

[Event "Tournoi Skype 024A"]
[Site "Skype"]
[Date "????.??.??"]
[Round "2.30"]
[White "Alvarez, Juan Evangelista"]
[Black "Levantini, Claudio"]
[Result "0-1"]
[WhiteElo "1590"]
[BlackElo "1514"]
[PlyCount "76"]

1. d4 d5 2. Qd3 Nf6 3. Bf4 Nc6 4. Nc3 e6 5. Nb5 Bd6 6. Nxd6+ cxd6 7. O-O-O e5
8. dxe5 dxe5 9. Bg5 Be6 10. Qb5 O-O 11. Qxb7 Na5 12. Qa6 d4 13. e4 Qc7 14. Bxf6
gxf6 15. Qe2 Rfc8 16. Rd3 Bxa2 17. c3 Rab8 18. Qg4+ Kf8 19. Ne2 Qb7 20. b4 Qxb4
21. Qxc8+ Rxc8 22. Kd1 Qb1+ 23. Nc1 Bb3+ 24. Ke2 Bc4 25. Kd1 Bxd3 26. Bxd3 Qa1
27. Ke2 Rxc3 28. Rd1 Rxc1 29. Rxc1 Qxc1 30. Kf3 Nb3 31. g4 a5 32. Bb5 Qf4+ 33.
Kg2 Qxg4+ 34. Kf1 Qxe4 35. h3 d3 36. Bxd3 Qxd3+ 37. Kg2 a4 38. h4 a3 0-1

[Event "Tournoi Skype 024A"]
[Site "Skype"]
[Date "????.??.??"]
[Round "2.31"]
[White "Perez Fermin, Jose"]
[Black "Munoz Gonzalez, Martin"]
[Result "1-0"]
[WhiteElo "1576"]
[BlackElo "1460"]
[PlyCount "107"]

1. c4 c5 2. g3 g6 3. Bg2 Bg7 4. Nc3 a6 5. e3 e6 6. Nge2 Qc7 7. b3 Nc6 8. a3 Nf6
9. Bb2 O-O 10. O-O b6 11. Qc2 Bb7 12. Ne4 e5 13. Nxf6+ Bxf6 14. Nc3 Ne7 15. e4
d6 16. d3 Qc6 17. Bc1 Bg7 18. Nd5 Rae8 19. Qe2 f5 20. f3 Nxd5 21. cxd5 Qd7 22.
Be3 f4 23. Bd2 Qf7 24. g4 Qf6 25. Be1 Bc8 26. h4 h6 27. Kh2 g5 28. h5 Rf7 29.
b4 Bf8 30. Rb1 cxb4 31. Bxb4 Ra7 32. Rfc1 Qd8 33. Be1 Ree7 34. Bf2 Rab7 35. Rc6
b5 36. Rxa6 Rb8 37. Rc6 Bb7 38. Rc2 Ba6 39. Rb4 Qa5 40. Rc3 Reb7 41. Qc2 Be7
42. Be1 Qd8 43. Rc6 Ra8 44. Rb1 Rbb8 45. Rc1 Qf8 46. Bb4 Bb7 47. Rc3 Ba6 48.
Bf1 Rc8 49. Qb2 Rxc3 50. Rxc3 Rc8 51. Qc2 Rxc3 52. Qxc3 Qb8 53. Kg2 Bd8 54. Be2
1-0